Szczegóły MARC21

Istoriâ russkoj literatury XI-XIX vekov : v dvuh častâh. Č.2 /

003 -Nazwa inst., której nr kontr. jest w polu 001 [,]
    • @
    • Nazwa instytucji, której n kontrolny jest w polu 001
    • NUKAT
005 -DATA I CZAS OSTATNIEJ MODYFIKACJI [,]
    • @
    • pole kontrolne
    • 20241231105855.0
020 -Międzynarod. znormalizowany nr książki - ISBN [ , ]
    • a
    • Numer ISBN
    • 5691004352 Find
020 -Międzynarod. znormalizowany nr książki - ISBN [ , ]
    • a
    • Numer ISBN
    • 5691004905 Find
    • q
    • Dopowiedzenie
    • II
040 -Instytucja sporządzająca opis [ , ]
    • a
    • Instytucja, która sporządziła opis (NP)
    • KR U/13EJ
    • c
    • Instytucja, która sporządziła rekord (NP)
    • KR U/13EJ
    • d
    • Instytucja, która zmodyfikowała rekord (P)
    • KR U/13EJ
    • d
    • Instytucja, która zmodyfikowała rekord (P)
    • KR U/70EJs
942 -Rodzaj dokumentu [ , ]
    • c
    • Rodzaj dokumentu
    • Książka
245 -Strefa tytułu i oznaczenia odpowiedzialności [0,0]
    • a
    • Tytuł
    • Istoriâ russkoj literatury XI-XIX vekov : Find
    • b
    • Ciąg dalszy tytułu (NP)
    • v dvuh častâh. Find
    • n
    • Oznaczenie części (P)
    • Č.2 /
    • c
    • Pozostałe elementy strefy tytułu i oznaczenia odpowiedzialności (NP)
    • pod red. L. D. Gromovoj, A. S. Kurilova.
260 -Strefa adresu wydawniczego [ , ]
    • a
    • Miejsce wydania (P)
    • Moskva :
    • b
    • Nazwa wydawcy (P)
    • Gumanitarnyj izdatel'skij centr Vlados,
    • c
    • Data wydania (P)
    • 2000.
300 -Strefa opisu fizycznego [ , ]
    • a
    • Określenie formy książki i/lub objętość (NP)
    • 223 s. ;
    • c
    • Format (NP)
    • 23 cm.
336 -Typ zawartości [ , ]
    • a
    • Termin opisujący typ zawartości
    • Tekst
    • b
    • Kod określający zawartość
    • txt
    • 2
    • Źródło (terminu i kodu)
    • rdacontent
337 -Typ mediów [ , ]
    • a
    • Tryb odtwarzania
    • Bez urządzenia pośredniczącego
    • b
    • Kod typu mediów
    • n
    • 2
    • Źródło (terminu i kodu)
    • rdamedia
338 -Typ/rodzaj nośnika [ , ]
    • a
    • Hasło opisujące typ nośnika
    • Wolumin
    • b
    • Kod typu nośnika
    • nc
    • 2
    • Źródło (terminu i kodu)
    • rdacarrier
521 -Uwaga dot. przeznaczenia czytelniczego [8, ]
    • a
    • Uwaga dot. przeznaczenia czytelniczego
    • Učebnoe posobie dlâ vuzov
080 -Uniwersalna Klasyfikacja Dziesiętna [ , ]
    • 2
    • Identyfikator wydania tablic
    • UDC-P058
    • a
    • Symbol klasyfikacji
    • 821.161.1(091)
    • b
    • Dopowiedzenie
    • Literatura rosyjska (historia).
    • x
    • Poddział wspólny
    • (075.8)
    • b
    • Dopowiedzenie
    • (Podręczniki dla szkół wyższych. Skrypty).
    • x
    • Poddział wspólny
    • =161.1
    • b
    • Dopowiedzenie
    • =Język rosyjski.
650 -Hasło przedmiotowe [ ,7]
    • a
    • Hasło przedmiotowe
    • Literatura rosyjska
    • y
    • Określnik chronologiczny
    • 19 w.
    • x
    • Określnik rzeczowy
    • historia i krytyka
    • v
    • Określnik formalny
    • podręczniki akademickie.
    • 2
    • Źródło terminu
    • kaba
    • 9
    • KHW
    • 496136
980 -Symbol UKD [ , ]
    • a
    • UKD
    • 821.161.1(091)(075.8)=161.1
700 -Hasło dodatkowe - nazwa osobowa [1, ]
    • a
    • Nazwa osobowa (NP)
    • Opulʹskaâ, Lidiâ Dmitrievna Find
    • d
    • Daty biograficzne (NP)
    • (1925-2003).
    • e
    • Określenie rodzaju współpracy
    • Red.
    • 9
    • KHW
    • 246661
700 -Hasło dodatkowe - nazwa osobowa [1, ]
    • a
    • Nazwa osobowa (NP)
    • Kurilov, Aleksandr Sergeevič Find
    • d
    • Daty biograficzne (NP)
    • (1937- ).
    • e
    • Określenie rodzaju współpracy
    • Red.
    • 9
    • KHW
    • 64111
920 -ISBN [ , ]
    • a
    • ISBN
    • 5-691-00435-2 Find
920 -ISBN [ , ]
    • a
    • ISBN
    • 5-691-00490-5 Find
    • q
    • Dopowiedzenie
    • II
Data inwentaryzacji Lokalizacja Status udost. Numer inwentarzowy Sygnatura
2009-03-02BM1P.21522ROS. Historia lit. rosyjskiej 12